2022 kpop comebacks - Statistics

General Stats
  • This quiz has been taken 378 times
  • The average score is 27 of 68
Answer Stats
Groups/solos Comebacks/debuts % Correct
BLACKPINK Pink Venom
93%
BLACKPINK Shut Down
89%
NAYEON POP
82%
LE SSERAFIM FEARLESS
80%
New Jeans Attention
78%
New Jeans Hype Boy
78%
ITZY SNEAKERS
78%
LE SSERAFIM ANTIFRAGILE
77%
IVE LOVE DIVE
76%
NMIXX O.O
76%
NMIXX DICE
74%
(G)I-DLE TOMBOY
73%
New Jeans Cookie
72%
aespa Girls
71%
IVE AFTER LIKE
70%
(G)I-DLE Nxde
68%
Kep1er WA DA DA
66%
TWICE Talk that Talk
63%
Seulgi 28 Reasons
59%
ITZY CHESHIRE
59%
Kep1er Up
57%
Girls Generation Forever 1
49%
New Jeans Hurt
48%
ITZY Boys like you
47%
Yena Smiley
45%
STAYC Beautiful Monster
44%
Taeyeon INVU
44%
Kep1er We Fresh
44%
STAYC RUN2U
42%
BLACKPINK Ready for love
39%
LOONA Flip That
38%
Billlie Gingamingayo
37%
Yena Smartphone
36%
STAYC POPPY
33%
ITZY Voltage
31%
ITZY Blah Blah Blah
30%
Mamamoo Illella
30%
Nature Limbo
29%
TRIPLE.S AAA Generation
28%
Chaeyeon HUSH RUSH
28%
HYO Deep
27%
DREAMCATCHER Maison
26%
fromis_9 DM
24%
Red Velvet Feel my rythm
24%
Eunbi Underwater
24%
Eunbi Glitch
23%
Kep1er Wing Wing
23%
AleXa Wonderland
22%
LAPILLUS Hit Ya
21%
DREAMCATCHER Vision
21%
TWICE Celebrate
20%
NMIXX Funky Glitter Christmas
19%
aespa Life's Too Short
19%
Billlie Ring ma Bell
19%
EXID FIRE
17%
Purple Kiss Nerdy
17%
fromis_9 Stay This Way
16%
MOMOLAND Yummy Yummy Love
16%
Purple Kiss MemeM
14%
AleXa Back In Vogue
13%
Apink Dilemma
13%
LAPILLUS GRATATA
13%
Kep1er Sugar Rush
13%
Nature Rica Rica
7%
mimiirose rose
6%
ITZY Twenty
6%
CSR Pop pop
5%
CSR TiCON
1%
No matching quizzes found
Score Distribution
Percent of People with Each Score
Percentile by Number Answered
Your Score History
You have not taken this quiz